000 01046nam a2200253Ia 4500
003 OSt
005 20250711144257.0
008 191128t1995 mx a br 000 f spa d
020 _a9681642406
040 _aCO-JMCR
_cCO-JMCR
041 _aspa
082 0 4 _aN
_bCOSm
100 1 _aCosta, Marco Túlio,
_eautor
_96693
245 1 3 _aEl mago desinventor /
_cMarco Túlio Costa ; traducción Mónica Mansou
250 _aPrimera edición
260 _aMéxico :
_bFondo de Cultura Econónomica,
_c©1995
300 _a260 páginas :
_bilustraciones blanco y negro ;
_c19 cm.
490 0 _aA la orilla del viento
500 _aIncluye biográfia del autor en la portada.
520 _aEl mago desinventor estaba en la flor de la edad: poco más de ochocientos años. Tenía ganas de viajar en un crucero por la vía Láctea. Pero antes quería hacer algo grandioso. Algo de lo que todo mundo se enterara. Un regalo para los cinco mil millones.
650 1 4 _aNovela
_96694
700 _aMansour, Mónica,
_etraductora
_96695
942 _2ddc
_cBK
999 _c3376
_d3376